Air pollution's toll on forests and crops (Record no. 42259)
[ view plain ]
| 000 -CABECERA | |
|---|---|
| campo de control de longitud fija | 01067nam a22003257a 4500 |
| 003 - IDENTIFICADOR DEL NÚMERO DE CONTROL | |
| campo de control | CHAP |
| 005 - FECHA Y HORA DE LA ÚLTIMA TRANSACCIÓN | |
| campo de control | 20220329135806.0 |
| 008 - DATOS DE LONGITUD FIJA--INFORMACIÓN GENERAL | |
| campo de control de longitud fija | 971013s1989 r 00010 d |
| 010 ## - NÚMERO DE CONTROL DE LA BIBLIOTECA DEL CONGRESO | |
| Número de control de LC | 42259 |
| 011 ## - ENLACE DEL NUMERO DE CONTROL DE LA BIBLIOTECA DEL CONGRESO [OBSOLETO] | |
| Número de control de LC | 43231 |
| 035 ## - NÚMERO DE CONTROL DEL SISTEMA | |
| Número de control de sistema | 47367 |
| 040 ## - FUENTE DE LA CATALOGACIÓN | |
| Centro/agencia transcriptor | CHAP |
| 082 ## - NÚMERO DE LA CLASIFICACIÓN DECIMAL DEWEY | |
| Número de clasificación | 634.9 |
| Número de documento/Ítem | M34 |
| 100 00 - ENTRADA PRINCIPAL--NOMBRE DE PERSONA | |
| Nombre de persona | Mackenzie, James J. |
| Término indicativo de función/relación | ed. |
| 9 (RLIN) | 69444 |
| 245 ## - MENCIÓN DE TÍTULO | |
| Título | Air pollution's toll on forests and crops |
| 260 ## - PUBLICACIÓN, DISTRIBUCIÓN, ETC. | |
| Lugar de publicación, distribución, etc. | New Haven : |
| Nombre del editor, distribuidor, etc. | Yale University, |
| Fecha de publicación, distribución, etc. | 1989 |
| 300 ## - DESCRIPCIÓN FÍSICA | |
| Extensión | 376 p. |
| 490 ## - MENCIÓN DE SERIE | |
| Mención de serie | A world Resources Institute Book |
| 590 ## - NOTA LOCAL (RLIN) | |
| Nota local | BATCH-UPD |
| Procedencia (VM) [OBSOLETO] | 10 |
| Condición del los carretes individuales (VM) [OBSOLETO] | 20130110 |
| -- | UCH01 |
| -- | 2125 |
| 590 ## - NOTA LOCAL (RLIN) | |
| Nota local | BATCH-UPD |
| Procedencia (VM) [OBSOLETO] | 10 |
| Condición del los carretes individuales (VM) [OBSOLETO] | 20130410 |
| -- | UCH01 |
| -- | 1434 |
| 590 ## - NOTA LOCAL (RLIN) | |
| Nota local | BATCH-UPD |
| Procedencia (VM) [OBSOLETO] | 10 |
| Condición del los carretes individuales (VM) [OBSOLETO] | 20130914 |
| -- | UCH01 |
| -- | 0713 |
| 590 ## - NOTA LOCAL (RLIN) | |
| Nota local | CONVERSION |
| Procedencia (VM) [OBSOLETO] | 10 |
| Condición del los carretes individuales (VM) [OBSOLETO] | 20130109 |
| -- | UCH01 |
| -- | 1323 |
| 650 14 - PUNTO DE ACCESO ADICIONAL DE MATERIA--TÉRMINO DE MATERIA | |
| Término de materia o nombre geográfico como elemento de entrada | Aire |
| Subdivisión general | Contaminacion |
| -- | Efecto en plantas. |
| 9 (RLIN) | 3144 |
| 650 14 - PUNTO DE ACCESO ADICIONAL DE MATERIA--TÉRMINO DE MATERIA | |
| Término de materia o nombre geográfico como elemento de entrada | Bosques |
| Subdivisión general | Daños por contaminación. |
| 9 (RLIN) | 14120 |
| 700 0# - PUNTO DE ACCESO ADICIONAL--NOMBRE DE PERSONA | |
| Nombre de persona | El-Ashry, Mohamed T. |
| Término indicativo de función/relación | ed. |
| 9 (RLIN) | 36171 |
| 830 0# - PUNTO DE ACCESO ADICIONAL DE SERIE-TÍTULO UNIFORME | |
| Título uniforme | A world Resources Institute Book |
| 9 (RLIN) | 109 |
| 901 ## - ELEMENTOS DE DATOS A LOCAL LDA (RLIN) | |
| a | BK |
| 942 ## - ELEMENTOS DE PUNTO DE ACCESO ADICIONAL (KOHA) | |
| Tipo de ítem Koha | Libro |
| 949 ## - PROCESAMIENTO DE INFORMACIÓN LOCAL (OCLC) | |
| a | 634.9 M34 |
| b | BC |
| c | LIBRO |
| d | 33724000009072 |
| e | LIBRO |
| g | I.c/e |
| h | 88911 |
| i | 47367 |
| s | i |
| t | 64.90 |
| Estado de retiro | Estado de pérdida | Fuente del sistema de clasificación o colocación | Estado dañado | Restricciones de uso | No para préstamo | Código de colección | Localización permanente | Ubicación/localización actual | Ubicación en estantería | Fecha de adquisición | Fuente de adquisición | Información codificada de la localización en otra ubicación | Total de préstamos | Signatura topográfica completa | Código de barras | Fecha visto por última vez | Precio válido a partir de | Tipo de ítem Koha |
|---|---|---|---|---|---|---|---|---|---|---|---|---|---|---|---|---|---|---|
| Dewey Decimal Classification | Préstamo 15 días | General | Biblioteca Central | Biblioteca Central | Planta principal - Colección General | 31/12/2019 | I.c/e | LIBRO | 634.9 M34 | 33724000009072 | 31/12/2019 | 31/12/2019 | Libro |
